00915nam a22002057a 4500999001700000003000900017008004100026040007100067082002300138100005900161245007300220260002600293300004100319505016200360650003100522650002800553942001600581945001000597952010200607  c11117d11117AR-CdUCM190402b           ||||| |||| 00| 0 spa d  aMUNICIPALIDAD PROVINCIAL DEL CUSCOcBIBLIOTECA MUNICIPAL DEL CUSCO  aEP / 376.36 /bC41  aAlumnos del colegio ¨Madre Admirable¨ de el Agustino  aCerro San Pedro :bLibro de lectura para niños hecho por niños /  aLima :bEdit. Loreza,  a52 paginas ;bIlustraciones,c28 cm.  aContenido :Como era antes el cerro San Pedro --El San Pedro --Las minas del Calicanto --El cerro San Pedro en 1946 --Historia antigua del cerro San Pedro ...  aEducación primaria91561  aLectura infantil928296  2ddccLIBROS  arjall  002ddc4070aSIbSIcCHILDd2019-04-02g15.00oEP / 376.36 / C41pSI00001009r2019-04-02yLIBROS